Griechenland-Quiz - Sudden Death - Statistiken

Allgemein
  • Dieses Quiz wurde 290 mal gespielt
  • Das Durchschnittsergebnis liegt bei 4 aus 10
Answers on the Grid
Answers color-coded by a green-red scale on the quiz's grid according to % correct below.
Dies ist die Flagge Griechenlands: 🇬🇷
Athen ist ist Hauptstadt Griechenlands
Griechenland ist Mitglied der Europäischen Union
Griechenland hat noch nie den ESC gewonnen
Griechenland ist das europäische Land, das über die meisten Inseln verfügt
Das griechische KFZ-Kennzeichen lautet "G"
Griechenland grenzt an ein Land mit dieser Flagge: 🇦🇱
In Griechenland gibt es kein Pfandsystem
Flächenmäßig ist Kreta die größte Insel Griechenlands
In Griechenland zahlt man nicht mit dem Euro
In Griechenland leben mehr Männer als Frauen
Griechenland grenzt an das Schwarze Meer
"Hellas" ist die griechische Bezeichnung für Griechenland
Die Akropolis war der Göttin Athene gewidmet
Flächenmäßig ist Griechenland größer als Bulgarien
Griechenland hat mehr Einwohner als Portugal
Das BIP pro Kopf in Griechenland ist höher als das der Slowakei
Die griechische Dichterin Sappho wurde auf der Insel Mykonos geboren
Das griechische Gericht Moussaka wird größtenteils aus Zucchini zubereitet
Griechenlands Küstenlänge übertrifft, an der Länge gemessen, die von Vietnam
 
Antwortstatistiken
Antwort % Korrekt
Dies ist die Flagge Griechenlands: 🇬🇷
61%
Athen ist ist Hauptstadt Griechenlands
59%
"Hellas" ist die griechische Bezeichnung für Griechenland
58%
Griechenland ist Mitglied der Europäischen Union
52%
Griechenland grenzt an ein Land mit dieser Flagge: 🇦🇱
46%
Flächenmäßig ist Kreta die größte Insel Griechenlands
39%
Die Akropolis war der Göttin Athene gewidmet
31%
Griechenlands Küstenlänge übertrifft, an der Länge gemessen, die von Vietnam
19%
In Griechenland gibt es kein Pfandsystem
19%
Flächenmäßig ist Griechenland größer als Bulgarien
15%
Keine übereinstimmenden Quizze gefunden
Verteilung der Resultate
Anzahl Personen mit jedem Resultat
Perzentil nach korrekt beantworteten Fragen
Ihre Resultats-Entwicklung
Sie haben dieses Quiz noch nicht gespielt